000 01838nam0a2200385 4500
001 RU\NLR\BIBL_A\022012007
005 20250625084741.0
010 _a978-5-907747-04-3
_9500
021 _aRU
_b2023-46678
_9КН-П-4672
035 _a(RuMoRGB)011967783
035 _a(NLR Aleph) 022012007
090 _a12486463
_c12486463
100 _a20230825d2023 |||y0rusy50 ca
101 0 _arus
_deng
_erus
_eeng
102 _aRU
105 _aa|||z|||000zy
181 0 _ai
_baxxe
182 0 _an
200 1 _aДинамика численности популяции: хроноэкологический аспект
_dPopulation dynamics, chronological aspect
_fЛ. Н. Ердаков
_gФедеральное государственное бюджетное образовательное учреждение высшего образования Институт систематики и экологии животных Сибирского отделения Российской академии наук
_zeng
203 _aТекст
_bвизуальный
_cнепосредственный
210 _aМосква
_cКМК
_d2023
215 _a249, [2] с.
_cил., табл.
_d24
300 _aВ вып. дан. авт.: Ердаков Л. Н., д-р биол. наук
300 _aРез. англ.
320 _aБиблиогр.: с. 235-249
510 1 _6z77790
_aPopulation dynamics, chronological aspect
_zeng
606 1 _aЖивотные
_xДинамика численности
_91057322
_3RU\NLR\AUTH\66409775
675 _a574.34
_v4
686 1 _aЕ681.371
700 1 _aЕрдаков
_bЛ. Н.
_f1941-
_gЛев Николаевич
790 1 _6z77510
_aErdakov
_bL.N.
_f1941-
_gLev Nikolaevič
942 _cBOOK
980 _aNB